000 00558nam a2200181Ia 4500
008 090124s9999 xx 000 0 und d
082 _b118896
100 _aसोहोनी श्री. वि.
245 _a रेकॉर्ड प्लेअर
250 _a2
260 _c1978
300 _a156
600 _aसोहोनी श्री. वि.
630 _a रेकॉर्ड प्लेअर
700 _aसोहोनी श्री. वि.
730 _a रेकॉर्ड प्लेअर
942 _cBOOK
999 _c164982
_d164982